[Event "FS Dortmund 1 - SC Rochade Rüttenscheid"]
[Site "Verbandsklasse - Gr. 2 2019/2"]
[Date "2019.12.08"]
[Round "4.6"]
[White "Potyrala, Lukasz-Rafal"]
[Black "Kiparski, Manuel"]
[Result "1-0"]
[WhiteElo "1632"]
[BlackElo "1770"]
[Annotator "Verbandsklasse Gruppe 2, Saison 2019/20"]
[PlyCount "73"]
[EventDate "2019.??.??"]

1. d4 d5 2. Nf3 Nf6 3. Bf4 c5 4. c3 Nc6 5. e3 Qb6 6. Qb3 c4 7. Qc2 Bf5 8. Qc1
e6 9. Nbd2 Qd8 10. Be2 h6 11. h3 Be7 12. Ne5 Nxe5 13. Bxe5 O-O 14. g4 Bh7 15.
Bg3 Bd6 16. f4 Ne4 17. Nxe4 Bxe4 18. Rg1 Be7 19. Kd2 b5 20. b4 cxb3 21. axb3 b4
22. c4 dxc4 23. Bxc4 a5 24. Ke2 {(=)} Qb6 25. f5 exf5 26. gxf5 Bf6 27. Qf1 a4
28. Qf4 Qc6 29. Rac1 Qb7 30. Bh4 Bxh4 31. Qxh4 Kh7 32. f6 g6 33. Qf4 h5 34. Rg5
Rae8 35. Rcg1 Qb8 36. Rxh5+ gxh5 37. Rg7+ 1-0

[Event "FS Dortmund 1 - SC Rochade Rüttenscheid"]
[Site "Verbandsklasse - Gr. 2 2019/2"]
[Date "2019.12.08"]
[Round "4.7"]
[White "Förster, Alexander"]
[Black "Schulz-Runge, Michael"]
[Result "0-1"]
[WhiteElo "1703"]
[BlackElo "1842"]
[Annotator "Verbandsklasse Gruppe 2, Saison 2019/20"]
[PlyCount "118"]
[EventDate "2019.??.??"]

1. g3 Nf6 2. Nf3 b6 3. Bg2 Bb7 4. O-O c5 5. d3 g6 6. b3 Bg7 7. Bb2 d6 8. Nbd2
O-O 9. c4 e5 10. a3 Na6 11. Ra2 Qd7 12. Qa1 Ne8 13. Bc3 f5 14. e4 f4 15. Ng5
Qe7 16. Ngf3 Bc8 17. h3 g5 18. g4 Nac7 19. Nh2 Ne6 20. f3 Nf6 21. Kf2 Bd7 22.
Rb1 Bh8 23. b4 Qg7 24. Nb3 Ba4 25. Bf1 Qh6 26. Be1 Bxb3 27. Rxb3 Nd4 28. Rb1
Rf7 29. bxc5 dxc5 30. Kg2 Ne8 31. a4 Rb7 32. Bf2 Rab8 33. Qc3 Nc6 34. Rab2 Qd6
35. Be1 Nc7 36. Qa3 Na6 37. Qa2 Kf8 38. Qa3 Bf6 39. Be2 Nab4 40. Rd1 Be7 41.
Qc3 {(=)} Nd4 42. Bf1 Qd7 43. Ra1 Rd8 44. Bf2 Bf6 45. Rd2 Qc6 46. Rb2 Be7 47.
Rd2 Rbd7 48. Ra3 Rd6 49. Ra1 Qd7 50. Ra3 Ndc6 51. Be2 Bf6 52. Bf1 Na5 53. Be1
Rd4 54. Be2 Nxc4 55. Bf2 Nxa3 56. Bxd4 Nb1 57. Bxc5+ bxc5 58. Qxc5+ Qe7 59.
Qxe7+ Bxe7 0-1

[Event "FS Dortmund 1 - SC Rochade Rüttenscheid"]
[Site "Verbandsklasse - Gr. 2 2019/2"]
[Date "2019.12.08"]
[Round "4.8"]
[White "Bommert, Christian"]
[Black "Seibert, Adalbert"]
[Result "0-1"]
[WhiteElo "1686"]
[BlackElo "1617"]
[Annotator "Verbandsklasse Gruppe 2, Saison 2019/20"]
[PlyCount "92"]
[EventDate "2019.??.??"]

1. f4 e6 2. Nf3 Nc6 3. g3 b6 4. Bg2 Bb7 5. d3 Nf6 6. O-O Rb8 7. e4 d5 8. e5 Nd7
9. Nc3 Ne7 10. Ne2 c5 11. Qe1 g6 12. g4 Bg7 13. Nh4 O-O 14. c3 f5 15. exf6 Nxf6
16. Ng3 Qd7 17. h3 Nc6 18. Nf3 Ba6 19. Qd1 Rbd8 20. Re1 Rfe8 21. g5 Nh5 22.
Nxh5 gxh5 23. Qc2 d4 24. c4 Bc8 25. a3 Ne7 26. Ne5 Bxe5 27. fxe5 Nf5 28. Bf4
Rf8 29. Be4 Qe7 30. Qh2 Kh8 31. h4 Rg8 32. Kh1 Rdf8 33. Re2 Qf7 34. Bd2 a6 35.
Rg1 b5 36. cxb5 axb5 37. Be1 c4 38. Rf2 cxd3 39. Rd2 Bb7 40. Bxb7 Qxb7+ 41. Qg2
Qxg2+ 42. Rgxg2 Ne3 43. Rg1 {(=)} Rf3 44. Rf2 Rgf8 45. Rxf3 Rxf3 46. Kh2 d2 0-1

[Event "SF Kirchhellen 1 - SV Günnigfeld 1"]
[Site "Verbandsklasse - Gr. 1 2019/2"]
[Date "2019.12.08"]
[Round "4.1"]
[White "Freisen, Thomas"]
[Black "Schlueter, Christoph"]
[Result "1/2-1/2"]
[WhiteElo "1934"]
[BlackElo "1946"]
[PlyCount "40"]
[EventDate "2019.??.??"]
[WhiteTeam "SV Günnigfeld 1"]
[BlackTeam "SF Kirchhellen 1"]

1. e4 c5 2. Nf3 e6 3. d4 cxd4 4. Nxd4 a6 5. c4 Nf6 6. Nc3 d6 7. Be2 Qc7 8. Be3
b6 9. Rc1 Be7 10. O-O Bb7 11. f3 O-O 12. Qd2 Nbd7 13. Rfd1 Rfe8 14. Bf1 Rac8
15. Qf2 Qb8 16. b3 Bf8 17. Nde2 Ba8 18. Nf4 Bc6 19. Nfe2 Ba8 20. Nf4 Bc6
1/2-1/2

[Event "SF Kirchhellen 1 - SV Günnigfeld 1"]
[Site "Verbandsklasse - Gr. 1 2019/2"]
[Date "2019.12.08"]
[Round "4.2"]
[White "Sinnwell, Horst"]
[Black "Kuekenbrink, Christopher"]
[Result "0-1"]
[WhiteElo "2038"]
[BlackElo "1933"]
[PlyCount "98"]
[EventDate "2019.??.??"]
[WhiteTeam "SF Kirchhellen 1"]
[BlackTeam "SV Günnigfeld 1"]

1. Nf3 Nf6 2. c4 c5 3. b3 d5 4. cxd5 Nxd5 5. Bb2 Nc6 6. g3 f6 7. Bg2 e5 8. d3
Be7 9. O-O O-O 10. Nc3 Be6 11. Rc1 Qd7 12. Nd2 Rac8 13. Nxd5 Bxd5 14. Bxd5+
Qxd5 15. Qc2 b5 16. Ne4 Nb4 17. Qb1 Qe6 18. Rfd1 f5 19. Nd2 f4 20. Nf3 Nc6 21.
Qa1 Nd4 22. Bxd4 exd4 23. Rc2 Qh3 24. Qc1 Rc6 25. Rdd2 Rh6 26. Qf1 Qh5 27. Qg2
g5 28. g4 Qf7 29. b4 Qd5 30. bxc5 Bxc5 31. Rd1 Bb4 32. Nd2 Qxg2+ 33. Kxg2 Bc3
34. Ne4 b4 35. e3 fxe3 36. fxe3 dxe3 37. Nxc3 bxc3 38. d4 Rf2+ 39. Rxf2 exf2
40. Kxf2 Rxh2+ 41. Ke3 Rxa2 42. Rc1 c2 43. Ke4 Kf7 44. Kd5 Ke7 45. Kc6 Kd8 46.
d5 Rb2 47. Kd6 a5 48. Kc6 Rb8 49. d6 Rc8+ 0-1

[Event "SF Kirchhellen 1 - SV Günnigfeld 1"]
[Site "Verbandsklasse - Gr. 1 2019/2"]
[Date "2019.12.08"]
[Round "4.3"]
[White "Markus, Peter"]
[Black "Borgs, Martin"]
[Result "1/2-1/2"]
[WhiteElo "1924"]
[BlackElo "1972"]
[PlyCount "62"]
[EventDate "2019.??.??"]
[WhiteTeam "SV Günnigfeld 1"]
[BlackTeam "SF Kirchhellen 1"]

1. e4 c5 2. Nf3 e6 3. d4 cxd4 4. Nxd4 a6 5. Bd3 Qc7 6. Nc3 Nf6 7. f4 d6 8. Qf3
Nc6 9. Be3 Nxd4 10. Bxd4 e5 11. Be3 Be7 12. O-O Be6 13. Nd5 Bxd5 14. exd5 O-O
15. c4 e4 16. Bxe4 Qxc4 17. Bb1 Qxd5 18. Qg3 Rac8 19. a3 Rfe8 20. Ba2 Qf5 21.
Bd4 d5 22. Qg5 Qd7 23. Bxf6 Bxf6 24. Qxd5 Qxd5 25. Bxd5 Bxb2 26. Rab1 Bd4+ 27.
Kh1 b6 28. Bb7 Rc3 29. a4 a5 30. Ba6 g6 31. f5 gxf5 1/2-1/2

[Event "SF Kirchhellen 1 - SV Günnigfeld 1"]
[Site "Verbandsklasse - Gr. 1 2019/2"]
[Date "2019.12.08"]
[Round "4.4"]
[White "Hoffterheide, Thomas"]
[Black "Radi, Guenter"]
[Result "1/2-1/2"]
[WhiteElo "1958"]
[BlackElo "1864"]
[PlyCount "81"]
[EventDate "2019.??.??"]
[WhiteTeam "SF Kirchhellen 1"]
[BlackTeam "SV Günnigfeld 1"]

1. e4 e5 2. Nf3 Nc6 3. Bc4 Be7 4. c3 Nf6 5. d4 d6 6. d5 Nb8 7. Nbd2 Bg4 8. h3
Bh5 9. Qb3 Qc8 10. Qc2 Nbd7 11. Nb3 Bxf3 12. gxf3 Nh5 13. Be3 a6 14. O-O-O Nb6
15. Bf1 h6 16. Rg1 g5 17. Kb1 Qd7 18. c4 Na4 19. c5 Nxc5 20. Nxc5 dxc5 21. Bxc5
Bxc5 22. Qxc5 Qd6 23. Qc3 Nf4 24. Rc1 Rc8 25. Qb3 Rb8 26. Rg4 Ke7 27. h4 f6 28.
Qc2 Rhc8 29. Rg3 c6 30. hxg5 fxg5 31. Bh3 Nxh3 32. Rxh3 cxd5 33. Qb3 Rxc1+ 34.
Kxc1 Qc6+ 35. Kb1 d4 36. Rh1 Rc8 37. a3 Kf8 38. Qb4+ Kf7 39. Rxh6 Qc1+ 40. Ka2
Qc4+ 41. Qb3 1/2-1/2

[Event "SF Kirchhellen 1 - SV Günnigfeld 1"]
[Site "Verbandsklasse - Gr. 1 2019/2"]
[Date "2019.12.08"]
[Round "4.5"]
[White "Funke, Eckhard"]
[Black "Schueppel, Werner"]
[Result "1/2-1/2"]
[WhiteElo "1832"]
[BlackElo "1926"]
[PlyCount "47"]
[EventDate "2019.??.??"]
[WhiteTeam "SV Günnigfeld 1"]
[BlackTeam "SF Kirchhellen 1"]

1. d4 g6 2. c4 Bg7 3. Nc3 d6 4. e4 Nd7 5. Nf3 e5 6. dxe5 dxe5 7. Be3 Ngf6 8. h3
O-O 9. Be2 c6 10. O-O Qe7 11. Qd2 Nc5 12. Qc2 a5 13. b3 Nh5 14. Bxc5 Qxc5 15.
Na4 Qe7 16. Nb6 Rb8 17. Nxc8 Rbxc8 18. g3 f5 19. Rad1 Bh6 20. Qc3 fxe4 21. Qxe5
Rce8 22. Qxe7 Rxe7 23. Nh2 Nf6 24. Ng4 1/2-1/2

[Event "SF Kirchhellen 1 - SV Günnigfeld 1"]
[Site "Verbandsklasse - Gr. 1 2019/2"]
[Date "2019.12.08"]
[Round "4.6"]
[White "Gajda, Peter"]
[Black "Jaennekes, Oliver"]
[Result "1/2-1/2"]
[WhiteElo "1815"]
[BlackElo "1832"]
[PlyCount "44"]
[EventDate "2019.??.??"]
[WhiteTeam "SF Kirchhellen 1"]
[BlackTeam "SV Günnigfeld 1"]

1. d4 Nf6 2. Nf3 c5 3. g3 cxd4 4. Nxd4 e5 5. Nf3 e4 6. Nd4 d5 7. Bg2 Nc6 8. O-O
Qb6 9. c3 Be7 10. b3 O-O 11. Bg5 h6 12. Bxf6 Bxf6 13. e3 Rd8 14. Nd2 Be6 15.
Rc1 Qa5 16. Qc2 Rac8 17. Qb2 Ne5 18. b4 Qb6 19. Qb3 Nd3 20. Rc2 Qc7 21. Nxe6
fxe6 22. c4 Kh8 1/2-1/2

[Event "SF Kirchhellen 1 - SV Günnigfeld 1"]
[Site "Verbandsklasse - Gr. 1 2019/2"]
[Date "2019.12.08"]
[Round "4.7"]
[White "Brinkmann, Uwe"]
[Black "Kueper, Peter"]
[Result "1/2-1/2"]
[WhiteElo "1913"]
[BlackElo "1806"]
[PlyCount "40"]
[EventDate "2019.??.??"]
[WhiteTeam "SV Günnigfeld 1"]
[BlackTeam "SF Kirchhellen 1"]

1. d4 Nf6 2. Nf3 d5 3. Bf4 e6 4. e3 c5 5. c3 Nc6 6. Nbd2 Be7 7. h3 O-O 8. Bd3
b6 9. O-O Bb7 10. Rc1 Bd6 11. Bxd6 Qxd6 12. Qe2 e5 13. dxe5 Nxe5 14. Nxe5 Qxe5
15. Nf3 Qe7 16. Ba6 Bxa6 17. Qxa6 Rfd8 18. Rfd1 Rd7 19. a4 Qd6 20. Qd3 Qe6
1/2-1/2

[Event "SF Kirchhellen 1 - SV Günnigfeld 1"]
[Site "Verbandsklasse - Gr. 1 2019/2"]
[Date "2019.12.08"]
[Round "4.8"]
[White "Lange-Hegermann, Bernd"]
[Black "Bender, Markus"]
[Result "0-1"]
[WhiteElo "1673"]
[BlackElo "1832"]
[PlyCount "40"]
[EventDate "2019.??.??"]
[WhiteTeam "SF Kirchhellen 1"]
[BlackTeam "SV Günnigfeld 1"]

1. e4 d5 2. exd5 Nf6 3. c4 e6 4. dxe6 Bxe6 5. Nc3 Nc6 6. Nf3 Bc5 7. Be2 Qe7 8.
O-O O-O-O 9. a3 Nd4 10. b4 Nxf3+ 11. Bxf3 Bd4 12. Qe2 Rhe8 13. Bb2 Qd7 14. Rfe1
Bg4 15. Bxg4 Nxg4 16. Qf1 Rxe1 17. Rxe1 Bxf2+ 18. Kh1 Bxe1 19. Qxe1 Qxd2 20.
Qb1 Qf4 0-1

[Event "SF Buer 1 - SV Mülheim-Nord 4"]
[Site "Verbandsklasse - Gr. 1 2019/2"]
[Date "2019.12.08"]
[Round "4.1"]
[White "Grodotzki, Kenneth"]
[Black "Große-Frintrop, Gerd"]
[Result "0-1"]
[WhiteElo "1970"]
[BlackElo "2009"]
[Annotator "Daniel"]
[PlyCount "110"]
[EventDate "2019.??.??"]
[WhiteTeam "SV Mülheim-Nord 4"]
[BlackTeam "SF Buer 1"]

1. f4 f5 2. e4 fxe4 3. d3 Nc6 4. dxe4 e5 5. Nf3 Bb4+ 6. c3 Bd6 7. f5 Nf6 8. Bg5
b6 9. Nbd2 Bb7 10. b4 a6 11. Bc4 Be7 12. Qb3 Rf8 13. O-O Ng4 14. Bxe7 Qxe7 15.
Rfe1 O-O-O 16. h3 Nf6 17. a4 g6 18. fxg6 hxg6 19. Bd5 g5 20. Nc4 g4 21. hxg4
Nxg4 22. Ne3 $11 Nf6 23. Nf5 Qh7 24. b5 Nxd5 25. bxc6 dxc6 26. Nxe5 Nf4 27. Rf1
Rxf5 28. exf5 Qxf5 29. Rxf4 Qxf4 30. Qe6+ Kb8 31. Re1 c5 32. Nc6+ Bxc6 33. Qxc6
Rf8 34. Re8+ Rxe8 35. Qxe8+ Kb7 36. Kh1 Qc1+ 37. Kh2 Qxc3 38. Qe4+ Ka7 39. Qc6
Qh8+ 40. Kg3 Qe5+ 41. Kf3 Qf5+ 42. Ke3 Qg5+ 43. Kf3 Qh5+ 44. Kf4 Qf7+ 45. Ke4
Qc4+ 46. Kf5 Qd3+ 47. Kf4 Kb8 48. g4 c4 49. g5 c3 50. g6 c2 51. g7 Qd4+ 52. Kf3
Qxg7 53. Qxc2 Qd4 54. Qc6 Qd3+ 55. Kf4 Qd6+ 0-1

[Event "SF Buer 1 - SV Mülheim-Nord 4"]
[Site "Verbandsklasse - Gr. 1 2019/2"]
[Date "2019.12.08"]
[Round "4.2"]
[White "Schorra, Helmut"]
[Black "Schmidt, Kevin"]
[Result "1-0"]
[WhiteElo "2082"]
[BlackElo "1926"]
[PlyCount "51"]
[EventDate "2019.??.??"]
[WhiteTeam "SF Buer 1"]
[BlackTeam "SV Mülheim-Nord 4"]

1. e4 e5 2. Nf3 Nc6 3. d4 exd4 4. Nxd4 Nf6 5. Nxc6 bxc6 6. e5 Qe7 7. Qe2 Nd5 8.
c4 Nb6 9. Nd2 a5 10. b3 g6 11. Bb2 Bg7 12. g3 O-O 13. Nf3 a4 14. Bg2 d5 15. O-O
Ba6 16. Rac1 Rad8 17. Rfe1 Rfe8 18. Qc2 axb3 19. axb3 dxc4 20. Nd4 Rxd4 21.
Bxd4 c5 22. Bb2 cxb3 23. Qxb3 c4 24. Qe3 Na4 25. Ba3 c5 26. Bc6 1-0

[Event "SF Buer 1 - SV Mülheim-Nord 4"]
[Site "Verbandsklasse - Gr. 1 2019/2"]
[Date "2019.12.08"]
[Round "4.3"]
[White "Stoer, Agnes"]
[Black "Wilbert, Siegfried"]
[Result "1/2-1/2"]
[WhiteElo "1680"]
[BlackElo "1897"]
[PlyCount "103"]
[EventDate "2019.??.??"]
[WhiteTeam "SV Mülheim-Nord 4"]
[BlackTeam "SF Buer 1"]

1. c4 e5 2. Nc3 Nf6 3. d3 Bb4 4. a3 Bxc3+ 5. bxc3 d5 6. Bg5 c6 7. cxd5 cxd5 8.
Nf3 Nc6 9. Qc2 h6 10. Bh4 O-O 11. e4 Be6 12. Be2 Rc8 13. Qb2 dxe4 14. Bxf6 Qxf6
15. dxe4 Rc7 16. Nd2 Rd8 17. O-O Rcd7 18. Rfd1 Qe7 19. Nb3 a6 20. h3 b5 21.
Rxd7 Rxd7 22. Rd1 Rxd1+ 23. Bxd1 Qg5 24. Qd2 Qe7 25. Qb2 Qd6 26. Qc1 Kf8 27.
Kh2 Ke7 28. Bc2 Nb8 29. Qa1 Nd7 30. a4 b4 31. a5 Qc6 32. Nd2 Qd6 33. Qd1 bxc3
34. Nb1 Qc5 35. Qe1 Qxa5 36. Nxc3 Qc5 37. Qd2 Nb6 38. Nb1 a5 39. Nc3 Nc4 40.
Qe2 Na3 41. Qd2 Nc4 42. Qe2 Qd4 43. Nd5+ Kd6 44. Bb3 Bxd5 45. exd5 Nb6 46. Qb5
Nxd5 47. Qxa5 Qf4+ 48. Kg1 Qc1+ 49. Kh2 Qf4+ 50. Kg1 Qc1+ 51. Kh2 Qf4+ 52. Kg1
1/2-1/2

[Event "SF Buer 1 - SV Mülheim-Nord 4"]
[Site "Verbandsklasse - Gr. 1 2019/2"]
[Date "2019.12.08"]
[Round "4.4"]
[White "Renk, Christoph"]
[Black "Frank, Carolin"]
[Result "1-0"]
[WhiteElo "1926"]
[BlackElo "1651"]
[PlyCount "89"]
[EventDate "2019.??.??"]
[WhiteTeam "SF Buer 1"]
[BlackTeam "SV Mülheim-Nord 4"]

1. c4 Nf6 2. d4 g6 3. g3 Bg7 4. Bg2 d6 5. Nc3 O-O 6. Nf3 c6 7. O-O a6 8. a4 a5
9. Re1 Na6 10. h3 Qb6 11. Bd2 Be6 12. b3 Rfe8 13. e4 h6 14. Be3 Qc7 15. Qd2 Kh7
16. Rab1 Nb4 17. Rbc1 Rad8 18. Kh2 Bc8 19. Red1 Nd7 20. Na2 c5 21. Nc3 Nf6 22.
Qe2 Nd7 23. Nb5 Qc6 24. Ne1 cxd4 25. Bxd4 Bxd4 26. Rxd4 Nc5 27. Qb2 Qb6 28.
Rcd1 Ne6 29. R4d2 Nc5 30. Nc2 Nc6 31. Ne3 Be6 32. Qc3 Nb4 33. f4 Rf8 34. f5 Bd7
35. f6 exf6 36. Rxd6 Bc6 37. Qxf6 Rxd6 38. Qxd6 Kg8 39. Nd5 Qa6 40. Nbc7 Qa7
41. Nf6+ Kg7 42. Qe5 Kh8 43. Rd8 Ne6 44. Rxf8+ Nxf8 45. Nh5+ 1-0

[Event "SF Buer 1 - SV Mülheim-Nord 4"]
[Site "Verbandsklasse - Gr. 1 2019/2"]
[Date "2019.12.08"]
[Round "4.5"]
[White "Khanzadayev, Sabir"]
[Black "Andersen, Knut"]
[Result "0-1"]
[WhiteElo "1587"]
[BlackElo "1932"]
[PlyCount "78"]
[EventDate "2019.??.??"]
[WhiteTeam "SV Mülheim-Nord 4"]
[BlackTeam "SF Buer 1"]

1. e4 c5 2. Bc4 e6 3. c3 Nc6 4. Bb3 Nf6 5. d3 d5 6. Nd2 Be7 7. h3 O-O 8. Ngf3
Qc7 9. O-O b6 10. Re1 Ba6 11. Bc2 dxe4 12. Nxe4 Rad8 13. Nxf6+ Bxf6 14. Bg5 Qe7
15. Bxf6 Qxf6 16. Qb1 h6 17. Re3 Ne7 18. d4 cxd4 19. cxd4 Bb7 20. Be4 Bd5 21.
Bxd5 Nxd5 22. Rd3 Rc8 23. Ne5 Rc7 24. Ng4 Qg5 25. Qf1 Rfc8 26. a3 Rc1 27. Rxc1
Rxc1 28. Rd1 Rc2 29. b4 h5 30. Ne5 Nf4 31. Kh1 Ne2 32. Nf3 Qd5 33. Ne1 Ra2 34.
Nd3 Nc3 35. Ra1 Rd2 36. Rc1 Qxd4 37. Ne1 Rxf2 38. Qg1 Ne2 39. Nc2 Qf4 0-1

[Event "SF Buer 1 - SV Mülheim-Nord 4"]
[Site "Verbandsklasse - Gr. 1 2019/2"]
[Date "2019.12.08"]
[Round "4.6"]
[White "Seppelfricke, Guido"]
[Black "Frank, Hartmut"]
[Result "1-0"]
[WhiteElo "1866"]
[BlackElo "1726"]
[PlyCount "53"]
[EventDate "2019.??.??"]
[WhiteTeam "SF Buer 1"]
[BlackTeam "SV Mülheim-Nord 4"]

1. e4 d5 2. exd5 Qxd5 3. Nc3 Qa5 4. d4 Nf6 5. Nf3 Bf5 6. Bc4 c6 7. O-O e6 8.
Re1 Be7 9. Bf4 Nbd7 10. Qe2 Nd5 11. Nxd5 cxd5 12. Bb5 a6 13. Bxd7+ Kxd7 14. c4
Rhc8 15. Ne5+ Ke8 16. Qh5 Bg6 17. Nxg6 hxg6 18. Qh8+ Kd7 19. Qxg7 Rf8 20. c5
Qd8 21. Qe5 Rc8 22. b4 Rc6 23. a4 Bf6 24. Qe3 b5 25. axb5 axb5 26. Ra7+ Ke8 27.
Qd3 1-0

[Event "SF Buer 1 - SV Mülheim-Nord 4"]
[Site "Verbandsklasse - Gr. 1 2019/2"]
[Date "2019.12.08"]
[Round "4.7"]
[White "Guenther, Stina"]
[Black "Kreitling, Oliver"]
[Result "0-1"]
[WhiteElo "1199"]
[BlackElo "1888"]
[PlyCount "64"]
[EventDate "2019.??.??"]
[WhiteTeam "SV Mülheim-Nord 4"]
[BlackTeam "SF Buer 1"]

1. e4 c6 2. Nf3 d5 3. exd5 cxd5 4. d4 Nc6 5. Bb5 a6 6. Ba4 b5 7. Bb3 Bg4 8. Be3
Nf6 9. Nc3 e6 10. h3 Bh5 11. g4 Bg6 12. Ne5 Na5 13. Qd2 Bb4 14. a3 Nxb3 15.
cxb3 Bd6 16. Nxg6 hxg6 17. O-O-O b4 18. Ne2 bxa3 19. bxa3 Bxa3+ 20. Kb1 Be7 21.
f3 a5 22. Nc3 Bb4 23. Qd3 Bxc3 24. Qxc3 Rc8 25. Qd3 Qb6 26. Rc1 Rb8 27. Rc3 O-O
28. Kc2 Qd6 29. Bd2 Qa3 30. Rc5 Qa2+ 31. Kc1 Rxb3 32. Rxa5 Qb2+ 0-1

[Event "SF Buer 1 - SV Mülheim-Nord 4"]
[Site "Verbandsklasse - Gr. 1 2019/2"]
[Date "2019.12.08"]
[Round "4.8"]
[White "Altieri, Dennis"]
[Black "Forstmann, Horst"]
[Result "1-0"]
[WhiteElo "1685"]
[BlackElo "1307"]
[PlyCount "33"]
[EventDate "2019.??.??"]
[WhiteTeam "SF Buer 1"]
[BlackTeam "SV Mülheim-Nord 4"]

1. d4 d5 2. Bg5 Nd7 3. f4 Ngf6 4. Nf3 e6 5. e3 Be7 6. Nbd2 O-O 7. Bd3 b6 8. Ne5
Bb7 9. h4 h6 10. Qf3 Qc8 11. f5 c5 12. c3 c4 13. Bc2 b5 14. fxe6 fxe6 15. Bxh6
gxh6 16. Qg3+ Kh8 17. Ng6+ 1-0

[Event "SV Wattenscheid 3 - SK Sodingen/Castrop"]
[Site "Verbandsklasse - Gr. 2 2019/2"]
[Date "2019.12.08"]
[Round "4.1"]
[White "Zobiegala, Christoph"]
[Black "Voß, Wieland"]
[Result "0-1"]
[WhiteElo "1954"]
[BlackElo "2112"]
[PlyCount "58"]
[EventDate "2019.??.??"]
[WhiteTeam "SK Sodingen/Castrop 3"]
[BlackTeam "SV Wattenscheid 3"]

1. e4 e5 2. Nf3 Nc6 3. Bb5 f5 4. Nc3 fxe4 5. Bxc6 bxc6 6. Nxe5 Qf6 7. Ng4 Qe6
8. O-O d5 9. f3 Bc5+ 10. Kh1 Ne7 11. d4 exd3 12. Re1 dxc2 13. Qd2 Qd6 14. Qg5
O-O 15. Be3 Bxe3 16. Nxe3 Ng6 17. Nxc2 Bd7 18. Rac1 Nf4 19. Red1 Rae8 20. Ne4
Re5 21. Qh4 Qg6 22. Qf2 dxe4 23. Rxd7 e3 24. Nxe3 Rxe3 25. g3 Re2 26. Qc5 Nd5
27. Qc4 Qe6 28. Qg4 Qxg4 29. fxg4 Rff2 0-1

[Event "SV Wattenscheid 3 - SK Sodingen/Castrop"]
[Site "Verbandsklasse - Gr. 2 2019/2"]
[Date "2019.12.08"]
[Round "4.3"]
[White "Balke, Reiner"]
[Black "Wolf, Ulrich"]
[Result "1/2-1/2"]
[WhiteElo "1892"]
[BlackElo "2018"]
[PlyCount "45"]
[EventDate "2019.??.??"]
[WhiteTeam "SK Sodingen/Castrop 3"]
[BlackTeam "SV Wattenscheid 3"]

1. e4 c5 2. Nf3 e6 3. Nc3 a6 4. a4 d6 5. d4 cxd4 6. Nxd4 b6 7. Bd3 Bb7 8. Qe2
Nd7 9. O-O Ngf6 10. Bg5 Be7 11. Kh1 Qc7 12. Rac1 O-O 13. f4 Rfe8 14. Rf3 Nc5
15. Rh3 Nxd3 16. cxd3 g6 17. f5 Qd7 18. fxe6 fxe6 19. Rf1 Nh5 20. Be3 Rf8 21.
Bh6 Rxf1+ 22. Qxf1 Bf8 23. Be3 1/2-1/2

[Event "SV Wattenscheid 3 - SK Sodingen/Castrop"]
[Site "Verbandsklasse - Gr. 2 2019/2"]
[Date "2019.12.08"]
[Round "4.4"]
[White "Thelen, Thomas"]
[Black "Kowalczyk, Frank"]
[Result "1-0"]
[WhiteElo "2019"]
[BlackElo "1754"]
[PlyCount "93"]
[EventDate "2019.??.??"]
[WhiteTeam "SV Wattenscheid 3"]
[BlackTeam "SK Sodingen/Castrop 3"]

1. d4 d5 2. Nf3 Nf6 3. c4 e6 4. Bg5 Be7 5. Nc3 c6 6. cxd5 exd5 7. Qc2 O-O 8. e3
Nbd7 9. Bd3 Re8 10. O-O Nf8 11. Rae1 h6 12. Bf4 Ne6 13. Bg3 a6 14. Ne5 Rf8 15.
h3 c5 16. Ne2 cxd4 17. Nxd4 Nxd4 18. exd4 Be6 19. Qb3 Rb8 20. Ng6 Bd6 21. Nxf8
Qxf8 22. Bb1 Ne4 23. Bxe4 dxe4 24. d5 Bf5 25. Bxd6 Qxd6 26. Qg3 Qxg3 27. fxg3
Bg6 28. g4 Kf8 29. Rc1 Ke7 30. Rfd1 Kd6 31. Kf2 Re8 32. Ke3 f6 33. Rc4 h5 34.
gxh5 Bxh5 35. g4 Bg6 36. h4 Bh7 37. a4 f5 38. gxf5 Bxf5 39. Rf1 g6 40. Rb4 b5
41. axb5 Kc5 42. Rb3 axb5 43. Rc1+ Kxd5 44. Rxb5+ Kd6 45. h5 Rf8 46. Rb6+ Kd7
47. hxg6 1-0

[Event "SV Wattenscheid 3 - SK Sodingen/Castrop"]
[Site "Verbandsklasse - Gr. 2 2019/2"]
[Date "2019.12.08"]
[Round "4.5"]
[White "Mueller-Kreth, Kai"]
[Black "Meyer, Juergen"]
[Result "0-1"]
[WhiteElo "1744"]
[BlackElo "1855"]
[PlyCount "68"]
[EventDate "2019.??.??"]
[WhiteTeam "SK Sodingen/Castrop 3"]
[BlackTeam "SV Wattenscheid 3"]

1. Nf3 Nf6 2. c4 g6 3. Nc3 Bg7 4. g3 d6 5. Bg2 O-O 6. O-O Nc6 7. d4 a6 8. Re1
Rb8 9. e4 Bg4 10. h3 Bxf3 11. Bxf3 e5 12. d5 Nd4 13. Bg2 Nd7 14. Be3 c5 15. f4
f5 16. Rb1 b5 17. cxb5 axb5 18. Ne2 Nf6 19. fxe5 dxe5 20. Nxd4 exd4 21. Bg5
fxe4 22. Bxe4 Qd7 23. Bxf6 Bxf6 24. Bg2 Bg5 25. Qd3 Rbe8 26. Rxe8 Rxe8 27. Kh2
Re3 28. Qf1 Qd6 29. Qxb5 d3 30. Qc6 Qxg3+ 31. Kg1 Re1+ 32. Rxe1 Qxe1+ 33. Bf1
Be3+ 34. Kg2 Qf2+ 0-1

[Event "SV Wattenscheid 3 - SK Sodingen/Castrop"]
[Site "Verbandsklasse - Gr. 2 2019/2"]
[Date "2019.12.08"]
[Round "4.6"]
[White "Doehmann, Joerg"]
[Black "Cobanoglu, Ferhat"]
[Result "1/2-1/2"]
[WhiteElo "1768"]
[BlackElo "1743"]
[PlyCount "98"]
[EventDate "2019.??.??"]
[WhiteTeam "SV Wattenscheid 3"]
[BlackTeam "SK Sodingen/Castrop 3"]

1. d4 d6 2. Bf4 Nf6 3. Nc3 Nbd7 4. Nf3 c6 5. e4 Qa5 6. Qd2 e5 7. Bg3 Be7 8. Be2
O-O 9. O-O Re8 10. Rfe1 Qc7 11. h3 a6 12. a4 h6 13. Bc4 Bf8 14. Bb3 b6 15. Qd3
Ra7 16. Qc4 Re7 17. Rad1 b5 18. axb5 axb5 19. Qe2 Ba6 20. Ra1 Nb8 21. dxe5 dxe5
22. Qe3 Rb7 23. Rad1 Nbd7 24. Nd2 Re8 25. Kh1 Nc5 26. f3 Ne6 27. Bxe6 Rxe6 28.
Nb3 Nd7 29. Bf2 c5 30. Nd5 Qd8 31. Ra1 Rg6 32. Red1 c4 33. Nd2 Bc5 34. Qe2 Qg5
35. Bxc5 Nxc5 36. Nf1 Rd7 37. Nfe3 Bb7 38. Qf2 Bc6 39. Rd2 Ne6 40. c3 Nf4 41.
Nxf4 Rxd2 42. Qxd2 exf4 43. Nf5 Re6 44. Rd1 g6 45. Qd8+ Re8 46. Qxg5 hxg5 47.
Nd4 Rd8 48. Ra1 Bd7 49. Ra5 Rb8 1/2-1/2

[Event "SV Wattenscheid 3 - SK Sodingen/Castrop"]
[Site "Verbandsklasse - Gr. 2 2019/2"]
[Date "2019.12.08"]
[Round "4.7"]
[White "Scheibe, Werner"]
[Black "Schlee, Ulrich"]
[Result "1-0"]
[WhiteElo "1826"]
[BlackElo "1745"]
[PlyCount "111"]
[EventDate "2019.??.??"]
[WhiteTeam "SK Sodingen/Castrop 3"]
[BlackTeam "SV Wattenscheid 3"]

1. d4 d5 2. e3 Nf6 3. Bd3 e6 4. f4 c5 5. c3 Nc6 6. Nf3 Bd7 7. O-O Be7 8. Nbd2
O-O 9. Ne5 Qc7 10. Rf3 g6 11. Rh3 Nh5 12. Rxh5 gxh5 13. Qxh5 f5 14. Nxd7 Qxd7
15. Nf3 Qe8 16. Qh3 Qg6 17. Bd2 Rf7 18. Kh1 Rg7 19. Rg1 Qg4 20. Qxg4 fxg4 21.
Ne5 Nxe5 22. dxe5 Rf7 23. Rd1 Rd8 24. Bc2 b5 25. a3 a6 26. g3 Rff8 27. Kg2 a5
28. h3 gxh3+ 29. Kf3 b4 30. a4 c4 31. Rh1 bxc3 32. Bxc3 Bb4 33. Bd4 Rc8 34.
Rxh3 Rf7 35. Rh6 Re8 36. g4 Bf8 37. Rh5 Rb7 38. f5 Ree7 39. Kf4 Rf7 40. f6 Bb4
41. g5 Rfd7 42. g6 hxg6 43. Bxg6 Rdc7 44. Kg5 Bd2 45. Rh2 Bb4 46. Rf2 Rd7 47.
Be8 Rdc7 48. Kg6 Rf7 49. Bxf7+ Rxf7 50. Rh2 Rb7 51. f7+ Rxf7 52. Rh8+ Kxh8 53.
Kxf7 Kh7 54. Kxe6 Kg7 55. Kxd5 Kf7 56. e6+ 1-0

[Event "SV Wattenscheid 3 - SK Sodingen/Castrop"]
[Site "Verbandsklasse - Gr. 2 2019/2"]
[Date "2019.12.08"]
[Round "4.8"]
[White "Buechle, Regina"]
[Black "Zygan, Michael"]
[Result "1-0"]
[WhiteElo "1685"]
[BlackElo "1709"]
[PlyCount "55"]
[EventDate "2019.??.??"]
[WhiteTeam "SV Wattenscheid 3"]
[BlackTeam "SK Sodingen/Castrop 3"]

1. d4 d5 2. Nf3 Nf6 3. c4 c6 4. Nc3 dxc4 5. a4 Bf5 6. e3 e6 7. Bxc4 Bb4 8. O-O
O-O 9. Qb3 Qe7 10. Ne5 a5 11. f3 Nbd7 12. Nxd7 Qxd7 13. Kh1 Rfd8 14. Rd1 Qc7
15. e4 Bg6 16. Bg5 Be7 17. Be3 Rd7 18. Rac1 Rc8 19. Ne2 Qb8 20. Nf4 Rcd8 21.
Nxe6 fxe6 22. Bxe6+ Kh8 23. Bxd7 Rxd7 24. Rxc6 Bd6 25. Rcc1 Bxh2 26. e5 Bg3 27.
exf6 Qd8 28. Qe6 1-0